000 00263nam a22001217a 4500
020 _aNA
082 _222
_a658.05
100 _aVerdhuizen, Bert.
245 _aTutor guide 01 /
260 _aNA
_bNA
_cc2000.
300 _a108 p. ;
_bill. ;
_c24 cm.
942 _2ddc
_cMAG
999 _c2895
_d2895